Rezné sily pri sústružení

Guardado en:
Detalles Bibliográficos
Autor principal: Chudý, Jozef, 1967- (Autor)
Otros Autores: Görögová, Ingrid, 1975- (Orientador)
Formato: Manuscrito Libro
Lenguaje:eslovaco
Publicado: Trnava : STU v Bratislave MTF UVTE, 2012
Materias:
Acceso en línea:VAIS
Etiquetas: Agregar Etiqueta
Sin Etiquetas, Sea el primero en etiquetar este registro!

MARC

LEADER 00000ntm a22000003a 4500
001 stu249026
005 20160719160641.0
008 120620s2012----xo------------------slo-d
040 |a STU  |b slo 
041 0 |a slo 
044 |a xo 
100 1 |a Chudý, Jozef,  |d 1967-  |4 aut  |X 36968  |7 A000036968 
242 0 0 |a The cutting forces during turning process  |y eng 
245 1 |a Rezné sily pri sústružení 
260 |a Trnava :  |b STU v Bratislave MTF UVTE,  |c 2012 
300 |a 90 s  |c príl 
650 7 |a obrábanie a montáž  |2 stusub 
650 7 |a Machining and Assembly  |2 estusub 
650 7 |a turning  |2 estusub 
700 1 |a Görögová, Ingrid,  |d 1975-  |4 ths  |u M3000  |U MTF Materiálovotechnologická fakulta  |T MTF Ústav výrobných technológií  |X 2900  |U M3000  |Y 83  |7 A000002900 
856 4 |a info a plný text  |u http://is.stuba.sk/zp/portal_zp.pl?podrobnosti=80050  |3 VAIS 
996 |c M*DP-10638  |l MMSKP  |s P  |a 0  |w stu249026_0001